Medicina china: la curación a través del equilibrio corporal
Saved in:
| Hovedforfatter: | |
|---|---|
| Format: | Bog |
| Sprog: | spansk |
| Udgivet: |
Madrid
Susaeta
2003
|
| Serier: | Guías de Salud
|
| Fag: | |
| Tags: |
Tilføj Tag
Ingen Tags, Vær først til at tagge denne postø!
|
MARC
| LEADER | 00000nam a2200000 a 4500 | ||
|---|---|---|---|
| 001 | UCH8972 | ||
| 003 | CL-VaPUC | ||
| 008 | 091217e20030000SP |||||||||||||||||spa|d | ||
| 020 | |a 8430539174 | ||
| 082 | 0 | 4 | |a 610 |b WIL |2 21 |
| 100 | 0 | |a Williams, Tom |e author |9 545761 | |
| 245 | 1 | 0 | |a Medicina china: la curación a través del equilibrio corporal |
| 300 | |a 248 p | ||
| 942 | |c BK | ||
| 945 | |d 20091217 00:00:00 |a cmena | ||
| 260 | |a Madrid |b Susaeta |c 2003 | ||
| 500 | |a La medicina china nunca había sido tan importante y conocida como lo es en la actualidad. cada vez más personas confían en la curación a través del equilibrio de las armonías corporales | ||
| 500 | |a Este libro, escrito por expertos en el tema y magníficamente ilustrado, es una completa guía de todos los aspectos de la medicina china, tal y como se practica en la actualidad, en particular en el mundo occidental, con el fin de alcanzar una buena salud del modo más natural | ||
| 650 | 7 | |a MEDICINA ORIENTAL |2 CL-VaPUC |9 428309 | |
| 650 | 0 | |a Diagnóstico médico |9 306819 | |
| 650 | 0 | |a Salud mental |9 308393 | |
| 650 | 0 | |a Salud física |9 334274 | |
| 650 | 0 | |a Enfermedades |9 263059 | |
| 650 | 7 | |a TRATAMIENTO MEDICO |2 CL-VaPUC |9 371859 | |
| 650 | 0 | |a Acupuntura |9 334975 | |
| 650 | 7 | |a FITOTERAPIA |2 CL-VaPUC |9 545762 | |
| 650 | 7 | |a MEDITACION |2 CL-VaPUC |9 313094 | |
| 650 | 0 | |a Ejercicios físicos |9 307296 | |
| 650 | 0 | |a Dietas |9 372897 | |
| 583 | |a last modification |c 20091217 00:00:00 |k Rodrigo Vera | ||
| 490 | 0 | |a Guías de Salud | |
| 999 | |c 339051 |d 339049 | ||
| 952 | |0 0 |1 0 |4 0 |6 610_000000000000000_WIL_2003 |7 0 |8 C |9 432431 |a BIBCUR |b BIBCUR |d 2019-11-22 |i 4582438 |l 2 |m 2 |o 610 WIL 2003 |p 4582438 |r 2025-04-22 |s 2024-08-08 |w 2019-11-22 |y BK |k CAC | ||